[Event "Isle of Man Open"]
[Site "Douglas IMN"]
[Date "2017.09.25"]
[EventDate "2017.09.23"]
[Round "3.52"]
[Result "1-0"]
[White "Anna Zatonskih"]
[Black "Michael Babar"]
[WhiteElo "2424"]
[BlackElo "2130"]
[PlyCount "63"]

1. d4 b6 2. e4 Bb7 3. Bd3 e6 4. Nf3 d5 5. e5 c5 6. c3 Ne7
7. O-O Qd7 8. Re1 Nec6 9. Nbd2 c4 10. Bc2 b5 11. b3 Be7
12. Nf1 h6 13. Ng3 g6 14. h4 h5 15. Ne2 Kd8 16. Bg5 Kc7
17. Qd2 Qe8 18. Nf4 Bxg5 19. Nxg5 Nd8 20. a4 a6 21. axb5 axb5
22. Rxa8 Bxa8 23. bxc4 bxc4 24. Qc1 Bb7 25. Qb2 Qc6 26. Rb1
Nd7 27. Nxf7 Nxf7 28. Ba4 Qa6 29. Bxd7 Nd8 30. Nxe6+ Nxe6
31. Bxe6 Ra8 32. Qxb7+ 1-0

[Event "Isle of Man Open"]
[Site "Douglas IMN"]
[Date "2017.09.26"]
[EventDate "2017.09.23"]
[Round "4.29"]
[Result "1/2-1/2"]
[White "Falko Bindrich"]
[Black "Anna Zatonskih"]
[WhiteElo "2598"]
[BlackElo "2424"]
[PlyCount "125"]

1. d4 d5 2. c4 e6 3. Nc3 Be7 4. Nf3 Nf6 5. Bf4 O-O 6. e3 c5
7. dxc5 Bxc5 8. cxd5 Nxd5 9. Nxd5 exd5 10. Bd3 Bb4+ 11. Nd2
Nc6 12. O-O Be7 13. Rc1 Bf6 14. a3 g6 15. b4 Qe7 16. Bb5 Ne5
17. Nb3 Bg4 18. f3 Be6 19. Nd4 Rac8 20. Bxe5 Bxe5 21. Qd2 Rxc1
22. Rxc1 Rc8 23. Rxc8+ Bxc8 24. Be2 Qf6 25. f4 Bxd4 26. Qxd4
Qxd4 27. exd4 f6 28. Bf3 Be6 29. f5 gxf5 30. Bd1 Kf8 31. Kf2
Bf7 32. Kg3 Kg7 33. Kf4 Be6 34. Bc2 Kg6 35. g4 Bd7 36. h4 h6
37. Bd3 Kf7 38. Bxf5 Bb5 39. Bc8 b6 40. Bf5 Ba4 41. Bd3 a5
42. bxa5 bxa5 43. Ba6 Bc2 44. Bb7 Ke6 45. Bc8+ Kf7 46. Bd7 Bb3
47. Bf5 Bd1 48. Bh7 Bb3 49. Bb1 Ke6 50. Bf5+ Kf7 51. Bd3 Ke6
52. Bb5 Kf7 53. g5 fxg5+ 54. hxg5 hxg5+ 55. Kxg5 Bc2 56. Be2
Ke7 57. Bf3 Ke6 58. Bg4+ Ke7 59. Bf5 Ba4 60. Bh7 Kf7 61. Kf4
Kf6 62. Bg8 Bb3 63. Bh7 1/2-1/2

[Event "Isle of Man Open"]
[Site "Douglas IMN"]
[Date "2017.09.28"]
[EventDate "2017.09.23"]
[Round "6.19"]
[Result "0-1"]
[White "Boris Gelfand"]
[Black "Anna Zatonskih"]
[WhiteElo "2737"]
[BlackElo "2424"]
[PlyCount "74"]

1. c4 e6 2. Nc3 d5 3. d4 Nf6 4. cxd5 exd5 5. Bg5 Be7 6. e3
Nbd7 7. Bd3 c6 8. Nge2 O-O 9. Qc2 Re8 10. O-O Nf8 11. f3 g6
12. Kh1 Ne6 13. Bh4 b6 14. Rad1 a5 15. Qc1 Ba6 16. Bxa6 Rxa6
17. e4 Nh5 18. Bxe7 Rxe7 19. exd5 cxd5 20. Nxd5 Rd7 21. Ndc3
Nf6 22. Ne4 Nd5 23. N2c3 Ra8 24. Nb5 Rc8 25. Qd2 Rc4 26. a3
Rc8 27. f4 f5 28. Nec3 Kf7 29. Rf3 Qf6 30. g3 Rcd8 31. Qe2 Kg7
32. Qc4 g5 33. Nxd5 Rxd5 34. fxg5 Nxg5 35. Rf2 Rc5 36. Qe2
Qc6+ 37. Rg2 Rxb5 0-1

[Event "Isle of Man Open"]
[Site "Douglas IMN"]
[Date "2017.09.29"]
[EventDate "2017.09.23"]
[Round "7.7"]
[Result "0-1"]
[White "Anna Zatonskih"]
[Black "Emil Sutovsky"]
[WhiteElo "2424"]
[BlackElo "2683"]
[PlyCount "56"]

1. e4 g6 2. d4 d6 3. Nf3 Bg7 4. c3 Nc6 5. Bb5 a6 6. Bxc6+ bxc6
7. O-O Nf6 8. Re1 O-O 9. Nbd2 a5 10. b3 a4 11. Ba3 Nh5 12. Nf1
c5 13. e5 cxd4 14. cxd4 Nf4 15. Ne3 Bb7 16. Nc4 Qd7 17. h3
axb3 18. axb3 Qf5 19. Re3 Bh6 20. Ne1 dxe5 21. Rxe5 Nxh3+
22. gxh3 Qxh3 23. d5 Bf4 24. Nf3 Rfd8 25. Bxe7 Rxa1 26. Qxa1
Rxd5 27. Rxd5 Bxd5 28. Qa4 Bh2+ 0-1